Normal view
MARC view
- Bengali - English
Entry Topical Term
001 - CONTROL NUMBER
- control field: 923
003 - CONTROL NUMBER IDENTIFIER
- control field: OSt
005 - DATE AND TIME OF LATEST TRANSACTION
- control field: 20161114153844.0
008 - FIXED-LENGTH DATA ELEMENTS
- fixed length control field: 161114|| aca||babn | a|a d
040 ## - CATALOGING SOURCE
- Original cataloging agency: OSt
150 ## - HEADING--TOPICAL TERM
- Topical term or geographic name entry element: Bengali - English
180 ## - HEADING--GENERAL SUBDIVISION
- Form subdivision: Dictionary
